00449nam a2200157Ia 4500008004100000020001800041082001600059100001400075245003100089250000800120260004200128300002500170500001900195600002700214650005000241240925s9999 xx 000 0 und d a9788131717035 a004.019 DIX aDix Alan 0aHuman-Computer Interaction a3rd aNew Delhi:bPearson Educationc,2008. axi,422p.b0fPirated aIncludes Index aEngineering Technology aComputer science, information & general works